000 00497nam a2200217Ia 4500
008 210210b1967 xxu||||| |||| 00| 0 eng d
041 _aeng
082 _a444/486
100 _aMANGER (G)
245 _aCours de langue et de civilization francaises 1
260 _aParis
_bLibaraire Hachette.,
_c1967
650 _alangue
650 _afrancaises
650 _aet
650 _ade
650 _aCours
650 _acivilization
650 _a1
690 _aFrench
906 _a006681
999 _c129671
_d129671